000 00606nam a22001577a 4500
003 macl
005 20170616130745.0
008 170616b xxu||||| |||| 00| 0 eng d
040 _cmacl
082 _a200
100 _aचन्‍द्र,सोती वीरेन्‍द्र
_967545
245 _aभारतीय संस्‍कृति धर्म निरपेक्षता एवं सर्वधर्म सम्‍भाव
260 _aइलाहाबाद
_bअर्चना पब्लिकेशन
_c2016
650 _aधर्म
_967546
942 _2ddc
_cHIN
999 _c56584
_d56584